French Words for Clothing #2 - Statistics

General Stats
  • This quiz has been taken 93 times
  • The average score is 7 of 20
Answer Stats
English French % Correct
the bag le sac
97%
the button le bouton
63%
the backpack le sac à dos
59%
the lingerie la lingerie
56%
the handbag le sac à main
49%
the pajamas les pyjamas
42%
the shorts le short
41%
the jewelry les bijoux
38%
the underwear les sous-vêtements
38%
the earring la boucle d'oreille
34%
the swimsuit le maillot de bain / le costume de bain
34%
the sweatshirt le sweat-shirt
27%
the crown la couronne
26%
the sandal la sandale
26%
the sweater le pull-over / le chandail / le tricot
26%
the raincoat l'imperméable
25%
the zipper la fermeture Éclair
11%
the tuxedo le smoking
11%
the scarf l'éscharpe
7%
the ring la bauge
1%
No matching quizzes found
Score Distribution
Percent of People with Each Score
Percentile by Number Answered
Your Score History
You have not taken this quiz